Década de 1970 no Brasil - Statistics

Estatísticas Gerais
  • Esse quiz foi jogado 113 vezes
  • A pontuação média é 9 de 16
Estatísticas das Respostas
Hint Resposta % Correto
Qual jogador de futebol se aposentou de sua carreira profissional, após um último jogo contra o time que o revelou? Pelé
86%
Qual usina hidrelétrica, a maior do mundo até 2001, teve suas obras iniciadas em 1975? Itaipu
82%
Quem nasceu há 10 mil anos atrás? Raul Seixas
79%
Presidentes militares Emilio Médici
71%
Ernesto Geisel
68%
João Figueiredo
64%
Em qual município se instalou a primeira usina nuclear do país, em 1971? Angra dos Reis
63%
Qual time foi o primeiro vencedor do Campeonato Nacional de Clubes? Atlético Mineiro
59%
Qual foi o primeiro brasileiro campeão da Fórmula 1? Emerson Fittipaldi
57%
Qual jornalista foi assassinado nas dependências do DOI-Codi em São Paulo? Vladimir Herzog
49%
Qual edifício em São Paulo pegou fogo e sofre com acontecimentos sobrenaturais até hoje? Edifício Joelma
44%
Qual cantor cearense não estava interessado em nenhuma teoria, em nenhuma fantasia nem no algo mais? Belchior
43%
Qual atleta brasileiro ganhou sua primeira medalha em salto nos Jogos Olímpicos de Verão? João do Pulo
41%
Qual líder guerrilheiro é assassinado numa emboscada na Bahia? Carlos Lamarca
30%
Qual música foi censurada durante o festival Phono 73? Cálice
22%
Qual álbum, lançado em 1973 por uma banda cujo vocalista era sul-mato-grossense, foi recorde de vendas no país? Secos & Molhados
13%
Nenhum quiz correspondente encontrado
Distribuição das Pontuações
Porcentagem de Pessoas com Cada Pontuação
Percentil de Números Respondidos
Sua Pontuação Histórica
Você não jogou esse quiz